Menestyneimmät olympiavoittajat - Statistics

Yleistilastot
  • Tätä visaa on pelattu 65 kertaa
  • Keskiarvotulos 4 / 16
Vastaustilastot
Mitalit Urheilija Laji Vuodet Maa % Oikein
28 Michael Phelps uinti 2004 - 2016 Yhdysvallat
90%
12 Paavo Nurmi yleisurheilu( 1920 - 1928 Suomi
90%
15 Marit Bjørgen maastohiihto 2002 - 2018 Norja
58%
13 Ole Einar Bjørndalen ampumahiihto 1998 - 2014 Norja
50%
12 Bjørn Dæhlie maastohiihto 1992 - 1998 Norja
29%
18 Larysa Latynina voimistelu 1956 - 1964 Neuvostoliitto
6%
15 Nikolai Andrianov voimistelu 1972 - 1980 Neuvostoliitto
6%
12 Sawao Katō voimistelu 1968 - 1976 Japani
6%
13 Boris Šahlin voimistelu 1956 - 1964 Neuvostoliitto
4%
13 Edoardo Mangiarotti miekkailu 1936 - 1960 Italia
4%
12 Ryan Lochte uinti 2004 - 2016 Yhdysvallat
4%
12 Birgit Fischer melonta 1980 - 2004 Saksa
2%
12 Jennifer Thompson uinti 1992 - 2004 Yhdysvallat
2%
12 Aleksei Nemov voimistelu 1996 - 2000 Venäjä
0%
12 Dara Torres uinti 1984 - 2008 Yhdysvallat
0%
13 Takashi Ono voimistelu 1952 - 1964 Japani
0%
Ehtoja vastaavia visoja ei löytynyt
Tulosjakauma
Jokaisen tuloksen saaneiden osuus
Persentiili vastausten määrän mukaan
Tuloshistoriasi
Et ole pelannut tätä visaa